| 000 -LEADER |
| fixed length control field |
00823nam a22001817a 4500 |
| 005 - DATE AND TIME OF LATEST TRANSACTION |
| control field |
20190508201802.0 |
| 008 - FIXED-LENGTH DATA ELEMENTS--GENERAL INFORMATION |
| fixed length control field |
190508c2019 ру ||||| |||| 00| 0 рус d |
| 022 ## - INTERNATIONAL STANDARD SERIAL NUMBER |
| International Standard Serial Number |
2587-6597 |
| 041 ## - LANGUAGE CODE |
| Language code of text/sound track or separate title |
рус |
| 245 ## - TITLE STATEMENT |
| Title |
Нефтегазовые технологии и аналитика : |
| Remainder of title |
2019 : 14-15 марта научно технический и аналитический журнал / |
| Statement of responsibility, etc. |
Гл. ред.:Кутасов |
| 260 ## - PUBLICATION, DISTRIBUTION, ETC. |
| Place of publication, distribution, etc. |
Москва : |
| Name of publisher, distributor, etc. |
Наука, |
| Date of publication, distribution, etc. |
2019 |
| 300 ## - PHYSICAL DESCRIPTION |
| Extent |
V. |
| 653 ## - INDEX TERM--UNCONTROLLED |
| Uncontrolled term |
ნავთობის ტეხნოლოგია და ანალიზი |
| 653 ## - INDEX TERM--UNCONTROLLED |
| Uncontrolled term |
2019 : 14-15 марта научно технический и аналитический журнал |
| 653 ## - INDEX TERM--UNCONTROLLED |
| Uncontrolled term |
периодика |
| 700 ## - ADDED ENTRY--PERSONAL NAME |
| Personal name |
Кутасов Х.В. |
| Relator term |
редактор |
| 9 (RLIN) |
915 |
| 942 ## - ADDED ENTRY ELEMENTS (KOHA) |
| Source of classification or shelving scheme |
|
| Koha item type |
პერიოდიკა |